Rubidades : indicadors econòmics i socials indicadors econòmics i socials
Descripción Física:
49 p. : il. ; 30 cm
MARC
| LEADER | 00000nam a2200000Ia 4500 | ||
|---|---|---|---|
| 001 | |||
| 008 | 160829s1999 xx 000 0 cat d | ||
| 080 | |a Revistes | ||
| 110 | 1 | |a Rubí (Catalunya). |b Ajuntament |9 54191 | |
| 245 | |a Rubidades : |b indicadors econòmics i socials | ||
| 260 | |a Rubí : |b Ajuntament de Rubí, |c 1999 | ||
| 300 | |a 49 p. : |b il. ; |c 30 cm | ||
| 590 | |a En la coberta: Radiografia d'un cicle d'expansió. | ||
| 590 | |a En la contracoberta: Diputació de Barcelona, Comunitat Europea. Fons Social Europeu, IMPES (Institut Municipal de Promoció Econòmica i Social) | ||
| 650 | |a Indicadors econòmics |x Rubí |x Revistes |9 49258 | ||
| 650 | |a Indicadors socials |x Rubí |x Revistes |9 49259 | ||
| 700 | |a Rubí. Ajuntament. Institut Municipal de Promoció Econòmica i Social |9 49260 | ||
| 710 | 1 | |a Barcelona (Catalunya : Província). |b Diputació |9 52408 | |
| 710 | 2 | |a Fons Social Europeu |9 7014 | |
| 866 | |a Abril 2001. Núm. 7 | ||
| 901 | |a Arxiu | ||
| 942 | |n 1 | ||
| 952 | |0 0 |1 0 |4 0 |6 REVISTES |7 1 |9 55230 |a Arxiu |b Arxiu |d 2016-12-01 |l 0 |o Revistes |r 2016-12-01 00:00:00 |w 2016-12-01 |y ARXIU | ||
| 999 | |c 59102 |d 59102 | ||